LDR 00842naa#a2200169#i#450# 001 EN\\bibl\118118 005 20260428133348.2 011 ## _a3033-8239 100 ## _a20260401b2026####ek#y0engy0150####ca 102 ## _aRU 200 1# _aCAUSALITY AND GUILT IN THE CONTEXT OF ALGORITHMIC AUTONOMY: PROBLEMS OF CRIMINAL LAW ASSESSMENT OF THE USE OF ARTIFICIAL INTELLIGENCE _eJournal article 210 1# _aArmavir _cAutonomous Non-Commercial Organization Research Institute "Digital Philosophy - Digital Intelligence" _d2026 215 ## _a0 с. 608 ## _aJournal article _2local 675 ## _aУголовное право. Уголовное судопроизводство. Криминология. Криминалистика. 343 _aИскусственный интеллект. 004.8 _z 700 #1 _aRyasov _gDmitry Alekseevich 856 4# _aintellectualsovereignty.ru _u